000 00544nam a2200205Ia 4500
005 20250508165048.0
008 008 250505s9999 xx 000 0 hin d
037 _aTextual
040 _aFEDL
_beng
_cFEDL
041 _ahin
_2eng
084 _a491.43, NCE
_qFEDL
245 0 _aSankshipt Ramayana
245 0 _cS C E R T
260 _aDelhi, India
_bDelhi Pustakalay Bureau
_c1988
300 _a74p.
365 _aINR
_b6
546 _aAcc. No. 86551 is Macese
942 _cTEXL
_h491.43, NCE
999 _c1392920
_d1392920